Рентгеновское и гамма-излучение ультрарелятивистских электронов в кристаллах: автореферат диссертации на соискание ученой степени доктора физико-математических наук; Спец. 01.04.16

Detalhes bibliográficos
Autor principal: Адищев Ю. Н. Юрий Николаевич
Autor Corporativo: Томский политехнический университет (ТПУ) Научно-исследовательский институт ядерной физики (НИИ ЯФ)
Outros Autores: Потылицын А. П. Александр Петрович (научный консультант)
Resumo:Защита сост. 25.12.2003
Idioma:russo
Publicado em: Томск, [Б. и.], 2003
Assuntos:
Formato: MixedMaterials Livro
KOHA link:https://koha.lib.tpu.ru/cgi-bin/koha/opac-detail.pl?biblionumber=59358

MARC

LEADER 00000nam0a2200000 4500
001 59358
005 20240213100351.0
035 |a (RuTPU)RU\TPU\book\62749 
090 |a 59358 
100 |a 20031225d2003 k y0rusy50 ca 
101 0 |a rus 
102 |a RU 
105 |a a dm 001zy 
200 1 |a Рентгеновское и гамма-излучение ультрарелятивистских электронов в кристаллах  |e автореферат диссертации на соискание ученой степени доктора физико-математических наук  |e Спец. 01.04.16  |f Ю. Н. Адищев  |g Томский политехнический университет (ТПУ), Научно-исследовательский институт ядерной физики (НИИ ЯФ) ; науч. конс. А. П. Потылицын 
210 |a Томск  |c [Б. и.]  |d 2003 
215 |a 31 с.  |c ил. 
300 |a Защита сост. 25.12.2003 
320 |a Библиогр.: с. 27-31 (55 назв.) 
606 1 |a Кристаллы  |x Действие ионизирующих излучений  |2 stltpush  |3 (RuTPU)RU\TPU\subj\66375  |9 82538 
610 1 |a кристаллография 
610 1 |a монокристаллы 
610 1 |a кремний 
610 1 |a алмазы 
610 1 |a релятивистские электроны 
610 1 |a электромагнитное излучение 
610 1 |a гамма-излучения 
610 1 |a спектральные свойства 
610 1 |a поляризация 
610 1 |a каналирование 
610 1 |a спектральные распределения 
610 1 |a измерения 
610 1 |a аномальная дисперсия 
610 1 |a авторефераты диссертаций 
610 1 |a труды учёных ТПУ 
675 |a 548.0:539(04)  |v 3 
686 |a 01.04.16  |2 oksvnk 
700 1 |a Адищев  |b Ю. Н.  |g Юрий Николаевич 
702 1 |a Потылицын  |b А. П.  |c российский физик  |c профессор Томского политехнического университета  |f 1945-  |g Александр Петрович  |3 (RuTPU)RU\TPU\pers\15853  |4 695  |9 5531 
712 0 2 |a Томский политехнический университет (ТПУ)  |b Научно-исследовательский институт ядерной физики (НИИ ЯФ)  |c (1998- )  |3 (RuTPU)RU\TPU\col\581 
801 1 |a RU  |b 63413507  |c 20031225  |g PSBO 
801 2 |a RU  |b 63413507  |c 20200831  |g PSBO 
942 |c BK